00357nam a2200133Ia 4500008004100000020001500041041001200056082001100068100001400079245006500093260004200158300000800200650001500208221030s9999 xx 000 0 und d a9350141656 aEnglish a105.23 aP. Prasad 4aThe Functional Aspects of Communication Skillscby P. Prasad bS. K. Kataria & SonsaNew Delhic2012 a317 aBB English